[Event "Niederbayernliga 1213"]
[Site "Bayern"]
[Date "2012.??.??"]
[Round "3"]
[White "Hofmann, Paul"]
[Black "Genau, Albert"]
[Result "1-0"]
[WhiteElo "1690"]
[BlackElo "1422"]
[PlyCount "39"]
[EventDate "2012.10.14"]
[EventType "team-tourn"]
[EventRounds "9"]
[EventCountry "GER"]
[SourceTitle "EXT 2023"]
[Source "ChessBase"]
[SourceDate "2022.10.05"]
[SourceVersion "1"]
[SourceVersionDate "2022.10.05"]
[SourceQuality "1"]
[WhiteTeam "Ergolding"]
[BlackTeam "Straubing SC"]
[WhiteTeamCountry "GER"]
[BlackTeamCountry "GER"]

1. e4 e5 2. Nf3 Nc6 3. Bb5 a6 4. Bxc6 dxc6 5. d4 Bg4 6. dxe5 Qxd1+ 7. Kxd1 0-0-0+ 8. Ke2 Bc5 9. Be3 b6 10. h3 Bxf3+ 11. gxf3 Ne7 12. Nc3 Rd7 13. Rad1 Rhd8 14. Rxd7 Rxd7 15. Bxc5 bxc5 16. f4 g6 17. Rd1 Rd4 18. Rd3 Rb4 19. b3 f5 20. exf6 1-0